| 000 | 01034nam a22002537a 4500 | ||
|---|---|---|---|
| 008 | 090609t xxu||||| |||| 00| 0 eng d | ||
| 020 | _a9781845690335 (hbk.) | ||
| 020 | _a1845690338 (hbk.) | ||
| 020 | _a9781845692537 (e-book) | ||
| 020 | _a1845692535 (e-book) | ||
| 020 | _a9780849391026 (CRC) | ||
| 020 | _a0849391024 (CRC) | ||
| 082 |
_222 _a620.118 _bCOM |
||
| 245 |
_aComposites Forming Technologies / _cedited by A.C. Long. |
||
| 260 |
_aCambridge : _bWoodhead, _cc2007. |
||
| 300 |
_axvi, 328 p. : _b ill. ; _c25 cm. |
||
| 500 | _aPublished in association with the Textile Institute. | ||
| 504 | _aIncludes bibliographical references and index. | ||
| 650 |
_aComposite materials. _95958 |
||
| 700 |
_aLong, A. C. (Andrew Craig) _95959 |
||
| 710 |
_aTextile Institute (Manchester, England) _95960 |
||
| 942 |
_2ddc _cBB |
||
| 999 |
_c11779 _d11779 |
||